[Event "ÎÏÅÍ-ÒÓÐÍÈÐ ÏÎÑÂßÙÅÍÍÛÉ 100-ËÅÒÈÞ È.Ë.ÈÒ"]
[Site "MOSCOW, Russia"]
[Date "2011.08.28"]
[Round "8"]
[White "Leite, Ernst"]
[Black "Bocharnikov, Oleg"]
[Result "1-0"]
[WhiteElo "1954"]
[BlackElo "1877"]
[PlyCount "108"]
[EventDate "2011.??.??"]

1. Nf3 Nf6 2. d4 g6 3. c4 Bg7 4. Nc3 d5 5. Bg5 Ne4 6. cxd5 Nxc3 7. bxc3 Qxd5 8.
e3 Bg4 9. Bf4 Bxf3 10. gxf3 Qa5 11. Qb3 O-O 12. Qb4 Qxb4 13. cxb4 Nc6 14. b5
Nb4 15. Kd2 Nd5 16. Bg3 Rac8 17. Bh3 e6 18. Rac1 Rfe8 19. Rc4 f5 20. Rhc1 f4
21. Bxf4 Nxf4 22. exf4 Rcd8 23. Rxc7 Rxd4+ 24. Ke2 Rxf4 25. Rc8 Rff8 26. Rxe8
Rxe8 27. Rc7 Bd4 28. Rxb7 e5 29. a4 Ra8 30. Be6+ Kh8 31. Bd5 Rc8 32. Bc6 a6 33.
bxa6 Rxc6 34. a7 Bxa7 35. Rxa7 Rc2+ 36. Ke3 Ra2 37. a5 Ra4 38. a6 Kg8 39. Ra8+
Kg7 40. Ra7+ Kh6 41. Kd3 g5 42. Kc3 Kg6 43. Kb3 Ra1 44. Kb4 h5 45. Kb5 Rb1+ 46.
Kc6 Ra1 47. Kb6 Rb1+ 48. Kc7 Ra1 49. Ra8 Kg7 50. a7 Ra2 51. Kd6 Ra5 52. Ke6
Rxa7 53. Rxa7+ Kf8 54. Kxe5 Ke8 1-0

[Event "ÎÏÅÍ-ÒÓÐÍÈÐ ÏÎÑÂßÙÅÍÍÛÉ 100-ËÅÒÈÞ È.Ë.ÈÒ"]
[Site "MOSCOW, Russia"]
[Date "2011.08.28"]
[Round "8"]
[White "Raondi, Yan-Martin"]
[Black "Kurakulov, Sergey"]
[Result "0-1"]
[WhiteElo "1725"]
[BlackElo "2013"]
[PlyCount "53"]
[EventDate "2011.??.??"]

1. Nf3 f5 2. c4 b6 3. Nc3 Bb7 4. e3 Nf6 5. Be2 e6 6. O-O Bb4 7. Qb3 Bxc3 8.
Qxc3 O-O 9. b3 Ne4 10. Qc2 Ng5 11. Nxg5 Qxg5 12. f3 Rf6 13. d3 Rg6 14. Rf2 e5
15. d4 d6 16. e4 f4 17. d5 Nd7 18. b4 Qh4 19. Bd2 Nf6 20. Be1 Nh5 21. Rf1 Qg5
22. Bd1 Bc8 23. Kh1 Ng3+ 24. Bxg3 fxg3 25. Qc1 Qh4 26. h3 Bxh3 27. gxh3 0-1

[Event "ÎÏÅÍ-ÒÓÐÍÈÐ ÏÎÑÂßÙÅÍÍÛÉ 100-ËÅÒÈÞ È.Ë.ÈÒ"]
[Site "MOSCOW, Russia"]
[Date "2011.08.28"]
[Round "8"]
[White "Temirbieva, Liana"]
[Black "Vasiliev, Mikhail"]
[Result "1-0"]
[WhiteElo "1764"]
[BlackElo "1597"]
[PlyCount "101"]
[EventDate "2011.??.??"]

1. e4 e5 2. Nf3 Nc6 3. Bb5 a6 4. Ba4 Nf6 5. O-O b5 6. Bb3 Be7 7. Re1 O-O 8. c3
Bb7 9. d4 exd4 10. e5 Ne8 11. cxd4 Na5 12. Bc2 c5 13. dxc5 Bxc5 14. Qd3 g6 15.
Bh6 Ng7 16. Nc3 Qb6 17. Re2 Nc4 18. Ne4 Bxe4 19. Qxe4 Nxb2 20. Ng5 Nc4 21. Qh4
Be7 22. Be4 Rac8 23. Bd5 Qc5 24. Bxg7 Bxg5 25. Bxf8 Bxh4 26. Bxc5 Rxc5 27. Bxc4
Rxc4 28. g3 Bg5 29. Rd1 Rc7 30. Rd6 a5 31. Rd5 Bd8 32. Rxb5 Kf8 33. Kg2 Rc6 34.
Rd5 Ke7 35. Red2 Ke6 36. Rxd7 Bc7 37. f4 h5 38. Kf3 Rc3+ 39. Ke4 Rc4+ 40. R7d4
Rc6 41. h3 Rc1 42. g4 h4 43. f5+ Ke7 44. Rd7+ Ke8 45. e6 gxf5+ 46. gxf5 fxe6
47. fxe6 Bg3 48. R2d5 Rc4+ 49. Kf5 Kf8 50. Rd8+ Kg7 51. R5d7+ 1-0

[Event "ÎÏÅÍ-ÒÓÐÍÈÐ ÏÎÑÂßÙÅÍÍÛÉ 100-ËÅÒÈÞ È.Ë.ÈÒ"]
[Site "MOSCOW, Russia"]
[Date "2011.08.30"]
[Round "9"]
[White "Losev, Dmitry"]
[Black "Kovtunenko, Alexandr"]
[Result "1-0"]
[WhiteElo "2317"]
[BlackElo "2156"]
[PlyCount "54"]
[EventDate "2011.??.??"]

1. c4 e6 2. g3 f5 3. Bg2 Nf6 4. Nc3 Bb4 5. d3 O-O 6. e3 Bxc3+ 7. bxc3 d6 8. Ne2
e5 9. O-O Nc6 10. Rb1 Na5 11. c5 d5 12. c4 dxc4 13. d4 e4 14. Bd2 Nc6 15. Qa4
Rb8 16. Qxc4+ Qd5 17. Qxd5+ Nxd5 18. g4 Re8 19. f3 Nf6 20. g5 exf3 21. gxf6
fxg2 22. Rf2 g6 23. Nf4 Kf7 24. Nd5 Re4 25. Nxc7 f4 26. d5 fxe3 27. Bxe3 Na5
1-0

[Event "ÎÏÅÍ-ÒÓÐÍÈÐ ÏÎÑÂßÙÅÍÍÛÉ 100-ËÅÒÈÞ È.Ë.ÈÒ"]
[Site "MOSCOW, Russia"]
[Date "2011.08.30"]
[Round "9"]
[White "Bogumil, Pavel"]
[Black "Kozlov, Vladimir N"]
[Result "0-1"]
[WhiteElo "2270"]
[BlackElo "2310"]
[PlyCount "98"]
[EventDate "2011.??.??"]

1. e4 c5 2. Nf3 d6 3. Bb5+ Nd7 4. c3 Ngf6 5. d3 a6 6. Ba4 g6 7. Nbd2 Bg7 8. O-O
O-O 9. d4 b5 10. Bc2 e5 11. Re1 Bb7 12. d5 c4 13. Nf1 Nh5 14. Bg5 Qc7 15. Ng3
Nxg3 16. hxg3 Rae8 17. Nh4 a5 18. Qd2 Rb8 19. a3 Nc5 20. f3 Bc8 21. g4 Bd7 22.
Kh2 Rb7 23. Bh6 f6 24. Be3 Rfb8 25. Qf2 b4 26. axb4 axb4 27. Bxc5 dxc5 28. Ba4
bxc3 29. bxc3 Rb2 30. Qf1 f5 31. Qxc4 Qd8 32. Kh3 fxg4+ 33. fxg4 h5 34. d6+ Kh7
35. Bxd7 Qxd7 36. Nf5 gxf5 37. exf5 hxg4+ 38. Kg3 Bh6 39. Rxe5 Qxd6 40. Qf7+
Kh8 41. Qd5 Qxd5 42. Rxd5 Bf8 43. Rh1+ Kg8 44. Rh4 Rc2 45. Rxg4+ Kf7 46. Rd3
Rb3 47. Kf4 Rcxc3 48. Rxc3 Rxc3 49. Ke5 Rd3 0-1

[Event "ÎÏÅÍ-ÒÓÐÍÈÐ ÏÎÑÂßÙÅÍÍÛÉ 100-ËÅÒÈÞ È.Ë.ÈÒ"]
[Site "MOSCOW, Russia"]
[Date "2011.08.30"]
[Round "9"]
[White "Gromadin, Gleb"]
[Black "Yudkevich, Mikhail"]
[Result "0-1"]
[WhiteElo "2113"]
[BlackElo "2160"]
[PlyCount "79"]
[EventDate "2011.??.??"]

1. c4 e6 2. Nf3 d5 3. g3 Nf6 4. Bg2 Be7 5. O-O O-O 6. d3 c5 7. Nbd2 d4 8. Ne4
Ne8 9. Qc2 Nc6 10. a3 e5 11. e3 f5 12. Ned2 dxe3 13. fxe3 Nf6 14. b3 Ng4 15.
Nb1 Bd6 16. Nc3 Qe8 17. Nd5 e4 18. dxe4 fxe4 19. Nd2 Rxf1+ 20. Nxf1 Bf5 21. Nc3
Be5 22. Bb2 Nd4 23. Qd1 Rd8 24. Bxe4 Bxe4 25. Nxe4 Qg6 26. Nxc5 Ne6 27. Qe2
Nxc5 28. Rd1 Rxd1 29. Qxd1 Qe6 30. Qd8+ Kf7 31. Bd4 Qf5 32. Qd5+ Kg6 33. Qg2
Bxd4 34. exd4 Nd3 35. h3 Nf6 36. g4 Qe4 37. Qxe4+ Nxe4 38. d5 Kf6 39. Kg2 Ke5
40. Kf3 0-1

[Event "ÎÏÅÍ-ÒÓÐÍÈÐ ÏÎÑÂßÙÅÍÍÛÉ 100-ËÅÒÈÞ È.Ë.ÈÒ"]
[Site "MOSCOW, Russia"]
[Date "2011.08.30"]
[Round "9"]
[White "Grigoryeva, Olga A"]
[Black "Pokhlebin, Sergej"]
[Result "1-0"]
[WhiteElo "2083"]
[BlackElo "2104"]
[PlyCount "102"]
[EventDate "2011.??.??"]

1. c4 Nf6 2. Nc3 g6 3. g3 Bg7 4. Bg2 O-O 5. e3 d6 6. Nge2 e5 7. b4 Re8 8. d3 c6
9. b5 d5 10. cxd5 cxd5 11. d4 e4 12. O-O Nbd7 13. a4 Nb6 14. Qb3 Bg4 15. Ba3
Nc4 16. Ra2 Na5 17. Qb1 Qd7 18. Bb4 Nc4 19. Qb3 Rac8 20. Rc1 Bh6 21. Nb1 Qf5
22. Na3 Nxa3 23. Rxc8 Rxc8 24. Bxa3 Bf3 25. h3 Bg7 26. Rc2 h5 27. Rxc8+ Qxc8
28. Nc3 Qf5 29. Be7 h4 30. gxh4 Bxg2 31. Kxg2 Qf3+ 32. Kg1 Qxh3 33. Bxf6 Bxf6
34. Qxd5 Qg4+ 35. Kf1 Bxh4 36. Qxe4 Qh3+ 37. Ke2 Qh2 38. Qe8+ Kg7 39. Qe5+ Qxe5
40. dxe5 a6 41. Ne4 axb5 42. axb5 Be7 43. Kd3 Kf8 44. Kd4 Ke8 45. Nd6+ Bxd6 46.
exd6 Kd7 47. Kd5 f6 48. e4 b6 49. f4 g5 50. fxg5 fxg5 51. e5 g4 1-0

[Event "ÎÏÅÍ-ÒÓÐÍÈÐ ÏÎÑÂßÙÅÍÍÛÉ 100-ËÅÒÈÞ È.Ë.ÈÒ"]
[Site "MOSCOW, Russia"]
[Date "2011.08.30"]
[Round "9"]
[White "Martynov, Vladimir"]
[Black "Spichkin, Alexander"]
[Result "0-1"]
[WhiteElo "2125"]
[BlackElo "2216"]
[PlyCount "82"]
[EventDate "2011.??.??"]

1. e4 c5 2. Nf3 Nc6 3. d4 cxd4 4. Nxd4 e5 5. Nb3 Nf6 6. Bc4 Bb4+ 7. c3 Be7 8.
O-O O-O 9. Re1 d6 10. a4 Be6 11. Bd5 Bxd5 12. exd5 Nb8 13. a5 Qc7 14. Na3 Nbd7
15. c4 Ne8 16. Be3 f5 17. f3 h6 18. Bf2 Nef6 19. Rc1 a6 20. Nd4 Qxa5 21. Nxf5
Rae8 22. Re3 Nh5 23. Nxe7+ Rxe7 24. b4 Qxb4 25. Rb1 Qa5 26. Rxb7 Ref7 27. Qe1
Qd8 28. Reb3 Qg5 29. Bh4 Qf4 30. Bg3 Qf5 31. h3 Qg6 32. Kh2 e4 33. fxe4 Rf1 34.
Qe2 Nc5 35. Rb8 Nxb3 36. Rxb3 Qxg3+ 37. Rxg3 Rh1+ 38. Kxh1 Nxg3+ 39. Kh2 Nxe2
40. c5 dxc5 41. Nc4 Nc3 0-1

[Event "ÎÏÅÍ-ÒÓÐÍÈÐ ÏÎÑÂßÙÅÍÍÛÉ 100-ËÅÒÈÞ È.Ë.ÈÒ"]
[Site "MOSCOW, Russia"]
[Date "2011.08.30"]
[Round "9"]
[White "Ljamin, Vladimir"]
[Black "Einor, Pavel"]
[Result "0-1"]
[WhiteElo "2111"]
[BlackElo "2088"]
[PlyCount "129"]
[EventDate "2011.??.??"]

1. e4 g6 2. d4 Bg7 3. g3 d5 4. e5 Nh6 5. Bg2 O-O 6. Nc3 c6 7. Nf3 f6 8. Bf4 Nf7
9. Qd2 Bg4 10. exf6 exf6 11. O-O Nd7 12. Rfe1 Qb6 13. Na4 Qa6 14. b3 Rfe8 15.
h3 Bxf3 16. Bxf3 b5 17. Nc3 f5 18. a4 b4 19. Ne2 Qa5 20. g4 fxg4 21. hxg4 Re7
22. g5 Rae8 23. Ng3 Rxe1+ 24. Rxe1 Rxe1+ 25. Qxe1 Qb6 26. Qe8+ Nf8 27. Be5 Nxg5
28. Bg4 Bxe5 29. Qxe5 Nf7 30. Qf6 Qc7 31. Be6 Nxe6 32. Qxe6 Kf8 33. Kg2 Qd6 34.
Qc8+ Nd8 35. a5 Ke8 36. Qa6 Qe7 37. f3 h5 38. Qd3 Kf7 39. Qd2 Ne6 40. f4 Qh4
41. Ne2 Qg4+ 42. Kf2 g5 43. fxg5 Nxg5 44. Qf4+ Qxf4+ 45. Nxf4 Ne6 46. Nd3 Nxd4
47. Nxb4 Ke6 48. c3 c5 49. Na6 Nxb3 50. Nc7+ Ke5 51. a6 c4 52. Nb5 Nc5 53. Nxa7
Nxa6 54. Kf3 Nc7 55. Nc6+ Kd6 56. Nd4 Kc5 57. Kg3 Nb5 58. Ne2 Nxc3 59. Nxc3 d4
60. Ne4+ Kb4 61. Kf3 Kb3 62. Nd2+ Kc3 63. Ne4+ Kc2 64. Ke2 d3+ 65. Ke3 0-1

[Event "ÎÏÅÍ-ÒÓÐÍÈÐ ÏÎÑÂßÙÅÍÍÛÉ 100-ËÅÒÈÞ È.Ë.ÈÒ"]
[Site "MOSCOW, Russia"]
[Date "2011.08.30"]
[Round "9"]
[White "Vul, Arkadi Eremeevich"]
[Black "Seleznev, Yury"]
[Result "1-0"]
[WhiteElo "2336"]
[BlackElo "2048"]
[PlyCount "37"]
[EventDate "2011.??.??"]

1. Nf3 d5 2. d4 Bf5 3. c4 c6 4. cxd5 cxd5 5. Nc3 Nc6 6. Qb3 e6 7. Qxb7 Nge7 8.
Bf4 Na5 9. Qa6 Nec6 10. e3 Nb4 11. Qb5+ Nac6 12. Rc1 Qd7 13. a3 a6 14. Qa4 Nd3+
15. Bxd3 Bxd3 16. Kd2 Bc4 17. b3 Bb5 18. Nxb5 axb5 19. Qxa8+ 1-0

[Event "ÎÏÅÍ-ÒÓÐÍÈÐ ÏÎÑÂßÙÅÍÍÛÉ 100-ËÅÒÈÞ È.Ë.ÈÒ"]
[Site "MOSCOW, Russia"]
[Date "2011.08.30"]
[Round "9"]
[White "Paster, Arkady M"]
[Black "Kondratiev, Vissarion L"]
[Result "1-0"]
[WhiteElo "2033"]
[BlackElo "2173"]
[PlyCount "83"]
[EventDate "2011.??.??"]

1. c4 c5 2. Nc3 Nc6 3. g3 Nf6 4. Bg2 e5 5. d3 Be7 6. f4 exf4 7. Bxf4 O-O 8. Nf3
d5 9. Nd2 Be6 10. cxd5 Nxd5 11. Nxd5 Bxd5 12. O-O Bxg2 13. Kxg2 Bg5 14. Bxg5
Qxg5 15. Nf3 Qd5 16. Qd2 Nd4 17. Kg1 Rfe8 18. Nxd4 Qxd4+ 19. Rf2 Rad8 20. Qc3
Qd5 21. a3 b6 22. Rc1 Re7 23. b4 cxb4 24. Qxb4 Qg5 25. Qf4 Qxf4 26. gxf4 f6 27.
Rc3 Kf7 28. e4 Red7 29. Rf3 Ke6 30. Kf2 Rd4 31. Ke3 R8d7 32. Rh3 h6 33. Rg3 Kf7
34. f5 Ra4 35. Rg1 Ra5 36. Rgc1 Rb5 37. Rc7 Ke7 38. Rxd7+ Kxd7 39. Rg1 Ra5 40.
Rxg7+ Ke8 41. d4 Rxa3+ 42. Kf4 1-0

[Event "ÎÏÅÍ-ÒÓÐÍÈÐ ÏÎÑÂßÙÅÍÍÛÉ 100-ËÅÒÈÞ È.Ë.ÈÒ"]
[Site "MOSCOW, Russia"]
[Date "2011.08.30"]
[Round "9"]
[White "Guseinov, Djelal"]
[Black "Trofimovsky, Alexander"]
[Result "1-0"]
[WhiteElo "2060"]
[BlackElo "2131"]
[PlyCount "59"]
[EventDate "2011.??.??"]

1. d4 c5 2. d5 e5 3. c4 d6 4. Nc3 Nf6 5. e4 Be7 6. g3 O-O 7. Bg2 Ne8 8. Nge2
Bg5 9. f4 exf4 10. gxf4 Bh4+ 11. Ng3 f5 12. O-O fxe4 13. Ncxe4 Nd7 14. Bd2 Ndf6
15. Ng5 Nc7 16. Qc2 h6 17. Nf3 Bxg3 18. hxg3 Bg4 19. Bc3 Qd7 20. Nh4 Rae8 21.
Rae1 Bh3 22. Qg6 Bxg2 23. Kxg2 Qf7 24. Qxf7+ Rxf7 25. Rxe8+ Ncxe8 26. Re1 Rd7
27. Nf5 g6 28. Nxh6+ Kh7 29. Ng4 Nxg4 30. Rxe8 1-0

[Event "ÎÏÅÍ-ÒÓÐÍÈÐ ÏÎÑÂßÙÅÍÍÛÉ 100-ËÅÒÈÞ È.Ë.ÈÒ"]
[Site "MOSCOW, Russia"]
[Date "2011.08.30"]
[Round "9"]
[White "Popov, Anton Yur"]
[Black "Kashirsky, Eugeny D"]
[Result "1-0"]
[WhiteElo "2106"]
[BlackElo "1960"]
[PlyCount "57"]
[EventDate "2011.??.??"]

1. e4 e6 2. d4 d5 3. e5 c5 4. Qg4 cxd4 5. Nf3 Nc6 6. Bd3 Nge7 7. O-O Ng6 8. Re1
Qc7 9. Qg3 Nb4 10. Nxd4 Nxd3 11. cxd3 a6 12. Nd2 Bd7 13. h4 h6 14. h5 Ne7 15.
N2b3 Nc6 16. Bd2 Rc8 17. Rac1 Qb8 18. a3 b5 19. Nxc6 Rxc6 20. Rxc6 Bxc6 21. Rc1
Bd7 22. Ba5 Rg8 23. Qe3 g6 24. Rc7 gxh5 25. Nc5 Bc8 26. Qf4 Rg7 27. Qf6 Qa8 28.
d4 h4 29. Rxf7 1-0

[Event "ÎÏÅÍ-ÒÓÐÍÈÐ ÏÎÑÂßÙÅÍÍÛÉ 100-ËÅÒÈÞ È.Ë.ÈÒ"]
[Site "MOSCOW, Russia"]
[Date "2011.08.30"]
[Round "9"]
[White "Sarana, Alexey"]
[Black "Cherviakov, Valery"]
[Result "1/2-1/2"]
[WhiteElo "1921"]
[BlackElo "1998"]
[PlyCount "71"]
[EventDate "2011.??.??"]

1. e4 c5 2. Nf3 d6 3. d4 cxd4 4. Nxd4 Nf6 5. Nc3 a6 6. Be2 e5 7. Nb3 Be6 8. O-O
Be7 9. Be3 Nbd7 10. a4 h5 11. a5 Rc8 12. Bf3 Kf8 13. Na4 Rc6 14. Nb6 Nxb6 15.
axb6 Bxb3 16. cxb3 Nd7 17. Bxh5 g6 18. Bg4 Nxb6 19. f4 Kg7 20. Qf3 f6 21. Rad1
Rf8 22. Qh3 Rh8 23. Qg3 exf4 24. Bxf4 Nd7 25. Bf5 Nf8 26. e5 d5 27. Be4 Qb6+
28. Be3 Bc5 29. Bxd5 Bxe3+ 30. Kh1 Bd4 31. Bxc6 Bxe5 32. Qf2 Qxc6 33. Qf3 Rxh2+
34. Kg1 Qb6+ 35. Qf2 Qxb3 36. Rfe1 1/2-1/2

[Event "ÎÏÅÍ-ÒÓÐÍÈÐ ÏÎÑÂßÙÅÍÍÛÉ 100-ËÅÒÈÞ È.Ë.ÈÒ"]
[Site "MOSCOW, Russia"]
[Date "2011.08.30"]
[Round "9"]
[White "Bezhenar, Georgy"]
[Black "Bobrovnitsky, Petr"]
[Result "0-1"]
[WhiteElo "1924"]
[BlackElo "1845"]
[PlyCount "82"]
[EventDate "2011.??.??"]

1. d4 Nf6 2. Nf3 e6 3. c4 b6 4. a3 Bb7 5. Nc3 d5 6. cxd5 Nxd5 7. Nxd5 Qxd5 8.
e3 c5 9. Bb5+ Bc6 10. Bxc6+ Nxc6 11. Qa4 cxd4 12. Nxd4 Qa5+ 13. Qxa5 Nxa5 14.
Nb5 Nb3 15. Rb1 Rc8 16. Ke2 Rc2+ 17. Kf3 a6 18. Nc3 Be7 19. Rd1 O-O 20. e4 Bxa3
21. bxa3 Rxc3+ 22. Be3 b5 23. Rd6 Ra8 24. Rbd1 h6 25. Rd8+ Rxd8 26. Rxd8+ Kh7
27. Rd7 Kg6 28. Rd6 a5 29. Rb6 Nd4+ 30. Kf4 Nc2 31. Rxb5 Nxe3 32. fxe3 Rxa3 33.
g4 f6 34. Rb7 e5+ 35. Kf3 Ra2 36. h4 a4 37. h5+ Kh7 38. Ra7 a3 39. Kg3 Ra1 40.
Kf2 a2 41. Ra8 Rh1 0-1

[Event "ÎÏÅÍ-ÒÓÐÍÈÐ ÏÎÑÂßÙÅÍÍÛÉ 100-ËÅÒÈÞ È.Ë.ÈÒ"]
[Site "MOSCOW, Russia"]
[Date "2011.08.30"]
[Round "9"]
[White "Krylov, Sergey V"]
[Black "Avakian, Armen"]
[Result "0-1"]
[WhiteElo "1553"]
[BlackElo "1818"]
[PlyCount "63"]
[EventDate "2011.??.??"]

1. Nf3 Nf6 2. g3 d5 3. c4 c6 4. b3 Bf5 5. Bg2 e6 6. Bb2 Nbd7 7. O-O h6 8. d3
Be7 9. Nbd2 O-O 10. Qc2 Bh7 11. Bc3 Qc7 12. Qb2 Rfe8 13. Rac1 Bf8 14. Ne5 Qb6
15. Nxd7 Nxd7 16. cxd5 exd5 17. e4 Qa6 18. exd5 Ba3 19. Qa1 Bxc1 20. Rxc1 cxd5
21. Bxg7 Qg6 22. Bd4 Qxd3 23. Be3 Rxe3 24. fxe3 Qxe3+ 25. Kh1 Qxd2 26. Rd1 Qc2
27. Bxd5 Be4+ 28. Bxe4 Qxe4+ 29. Kg1 Ne5 30. Qc1 Ng4 31. Re1 Qd4+ 32. Kh1 0-1

[Event "ÎÏÅÍ-ÒÓÐÍÈÐ ÏÎÑÂßÙÅÍÍÛÉ 100-ËÅÒÈÞ È.Ë.ÈÒ"]
[Site "MOSCOW, Russia"]
[Date "2011.08.26"]
[Round "9"]
[White "Andreev, Petr"]
[Black "Leite, Ernst"]
[Result "1-0"]
[WhiteElo "2036"]
[BlackElo "1954"]
[PlyCount "75"]
[EventDate "2011.??.??"]

1. e4 c5 2. Nf3 d6 3. d3 g6 4. g3 Bg7 5. Bg2 e6 6. O-O Ne7 7. h4 h5 8. Re1 Nbc6
9. Nbd2 b6 10. e5 d5 11. Nf1 Bb7 12. Bf4 Qd7 13. Ng5 Nf5 14. Ne3 Nxe3 15. Rxe3
Nd4 16. c3 Nf5 17. Re1 d4 18. Ne4 Bxe4 19. Bxe4 Rc8 20. c4 Nh6 21. Bg2 Ng4 22.
Qd2 Bh6 23. Bxh6 Nxh6 24. b4 cxb4 25. Qxb4 Nf5 26. a4 Qe7 27. Qd2 Rc5 28. a5
bxa5 29. Rxa5 O-O 30. Rea1 Rxa5 31. Qxa5 Rb8 32. c5 Rc8 33. c6 Rc7 34. Rb1 Ng7
35. Rb7 Ne8 36. Qxa7 Qd8 37. Qb6 Kg7 38. Rb8 1-0

[Event "ÎÏÅÍ-ÒÓÐÍÈÐ ÏÎÑÂßÙÅÍÍÛÉ 100-ËÅÒÈÞ È.Ë.ÈÒ"]
[Site "MOSCOW, Russia"]
[Date "2011.08.30"]
[Round "9"]
[White "Kurakulov, Sergey"]
[Black "Sorokin, Adones"]
[Result "1-0"]
[WhiteElo "2013"]
[BlackElo "1926"]
[PlyCount "91"]
[EventDate "2011.??.??"]

1. f4 e5 2. fxe5 d6 3. exd6 Bxd6 4. Nf3 g5 5. g3 g4 6. Nh4 Ne7 7. d4 Ng6 8.
Nxg6 hxg6 9. Qd3 Nc6 10. c3 Ne7 11. Bg5 c6 12. Bg2 Qa5 13. Qe3 Be6 14. Bf6 Nf5
15. Qd3 Rh5 16. e4 Ne7 17. O-O Ng8 18. Nd2 Nxf6 19. Rxf6 Be7 20. Rf2 O-O-O 21.
a3 Kb8 22. Bf1 f5 23. b4 Qc7 24. e5 Bg5 25. Re1 Rdh8 26. c4 Qh7 27. Ree2 f4 28.
Ne4 fxg3 29. Nxg3 Rh6 30. d5 Rd8 31. d6 Qd7 32. c5 Qg7 33. a4 Rdh8 34. b5 Qg8
35. Rb2 Bd5 36. bxc6 Bxc6 37. a5 Ka8 38. a6 bxa6 39. Bg2 Qc8 40. d7 Qc7 41.
Bxc6+ Qxc6 42. Qe4 Qxe4 43. Nxe4 Be3 44. c6 Bxf2+ 45. Nxf2 g5 46. c7 1-0

[Event "ÎÏÅÍ-ÒÓÐÍÈÐ ÏÎÑÂßÙÅÍÍÛÉ 100-ËÅÒÈÞ È.Ë.ÈÒ"]
[Site "MOSCOW, Russia"]
[Date "2011.08.30"]
[Round "9"]
[White "Vasiliev, Mikhail"]
[Black "Raondi, Yan-Martin"]
[Result "1-0"]
[WhiteElo "1597"]
[BlackElo "1725"]
[PlyCount "96"]
[EventDate "2011.??.??"]

1. d4 d5 2. e3 Nf6 3. c4 c6 4. Nc3 Nbd7 5. cxd5 cxd5 6. g3 e6 7. Bg2 Bb4 8. a3
Be7 9. Nge2 O-O 10. O-O b6 11. Nf4 Bb7 12. Re1 Rc8 13. Nh5 Nxh5 14. Qxh5 Nf6
15. Qe2 Qd7 16. Bd2 Rc7 17. Na2 Rc2 18. b4 Rfc8 19. Rec1 Rxc1+ 20. Rxc1 Rxc1+
21. Bxc1 Qc8 22. b5 a6 23. Bf1 a5 24. a4 Ne4 25. Qh5 Qc2 26. Qe2 Qxa4 27. f3
Nd6 28. Nc3 Qc4 29. Qe1 Qc7 30. g4 Ne8 31. f4 Nf6 32. g5 Ne4 33. Nxe4 dxe4 34.
h4 Bb4 35. Bd2 Bxd2 36. Qxd2 Bd5 37. h5 a4 38. Qb4 Qc1 39. Kf2 Bb3 40. Qe7 Qc8
41. Qd6 Qf8 42. Qxb6 a3 43. Qa6 a2 44. b6 Bd5 45. b7 Qb8 46. Qa5 h6 47. g6 fxg6
48. hxg6 Qxb7 1-0